Rodent outbreaks : (Record no. 12213)

000 -LEADER
fixed length control field 00711cam a2200241 a 4500
020 ## - INTERNATIONAL STANDARD BOOK NUMBER
ISBN 9789712202575
020 ## - INTERNATIONAL STANDARD BOOK NUMBER
ISBN 9712202577
040 ## - CATALOGING SOURCE
Transcribing agency AU@
082 ## - DEWEY DECIMAL CLASSIFICATION NUMBER
Classification number 632 IRR 2010 A040 Or.
245 00 - TITLE STATEMENT
Title Rodent outbreaks :
Remainder of title ecology and impacts /
260 ## - PUBLICATION, DISTRIBUTION, ETC. (IMPRINT)
Place of publication Metro Manila, Philippines :
Name of publisher IRRI,
Year of publication 2010.
300 ## - PHYSICAL DESCRIPTION
Number of Pages vii, 289 p. :
Other physical details ill. (some col.), maps (some col.) ;
Dimensions 23 cm.
650 #0 - SUBJECT ADDED ENTRY--TOPICAL TERM
Topical Term Rodents
650 #0 - SUBJECT ADDED ENTRY--TOPICAL TERM
Topical Term Rodents
650 #0 - SUBJECT ADDED ENTRY--TOPICAL TERM
Topical Term Rodents
650 #0 - SUBJECT ADDED ENTRY--TOPICAL TERM
Topical Term Rodents
650 #0 - SUBJECT ADDED ENTRY--TOPICAL TERM
Topical Term Agricultural pests
650 #0 - SUBJECT ADDED ENTRY--TOPICAL TERM
Topical Term Agricultural pests.
700 1# - ADDED ENTRY--PERSONAL NAME
Personal name Singleton, Grant R.
710 2# - ADDED ENTRY--CORPORATE NAME
Corporate name or jurisdiction name as entry element International Rice Research Institute.
856 41 - ELECTRONIC LOCATION AND ACCESS
Uniform Resource Identifier http://www.loc.gov/catdir/toc/fy12pdf02/2011308234.html
942 ## - ADDED ENTRY ELEMENTS (KOHA)
Koha item type សៀវភៅភាសាអង់គ្លេស
952 ## - LOCATION AND ITEM INFORMATION (KOHA)
Withdrawn status [LOCAL, KOHA] 0
Holdings
Permanent Location Date acquired Koha item type Lost status Shelving location Barcode Current Location Full call number
Library Block A2017-08-11សៀវភៅភាសាអង់គ្លេស A040A10373Library Block A632 IRR 2010 A040 Or.
មជ្ឈមណ្ឌលឯការនៃសាកលវិទ្យាល័យភូមិន្ទកសិកម្មចំការដូង

Powered by Koha